000 00253nam a22000977a 4500
008 230704b xxu||||| |||| 00| 0 eng d
082 _a362.8
_bPRB
245 _aConveying concerns:
_bWomen Report on gender-based violence
300 _a36p
942 _2ddc
_cBK
999 _c3892
_d3892